| 000 | 01104nac a22003377a 4500 | ||
|---|---|---|---|
| 001 | BR8702992 | ||
| 003 | BR-BrBNA | ||
| 005 | 20240105120506.0 | ||
| 008 | 230509b bl.|||m| |||| 00| 0 por d | ||
| 040 |
_aBR-BrBNA _bpor _cBiblioteca Nacional de Agricultura |
||
| 072 | _aE10; E16; E70 | ||
| 090 | _aE10 BR8702992 | ||
| 100 | 1 | _aWiltgen, R. da S. (ed.) | |
| 110 | 1 |
_aFundacao de Economia e Estatistica, Porto Alegre, RS (Brasil) _94853 |
|
| 245 | 1 | _aUma analise da economia 1984 [Rio Grande do Sul] | |
| 260 | 3 |
_aPorto Alegre, RS (Brasil): _c1984. |
|
| 300 | _a251 p. | ||
| 490 |
_aIndicadores Economicos - Fundacao de Economia e Estatistica (Brazil) _vv. 12(4) _x |
||
| 500 | _a106 tables; Bibliography p. 249-251 (86 ref.) | ||
| 650 | _aPOLITICA ECONOMICA | ||
| 650 | _aESTATISTICA DE PRODUCAO | ||
| 650 | _aCUSTO DE PRODUCAO | ||
| 650 | _aPRODUCAO VEGETAL | ||
| 650 | _aPRODUCAO ANIMAL | ||
| 650 | _aINDUSTRIA | ||
| 650 | _aEMPREGO | ||
| 650 | _aINDICADOR ECONOMICO | ||
| 650 | _aRIO GRANDE DO SUL | ||
| 909 |
_a202312 _bLúcia Elande _c55 _dLúcia Elande |
||
| 942 |
_2AGRIS _n0 _cMS |
||
| 999 |
_c279739 _d279739 |
||